[Event "St Helier Tohmatsu op"]
[Site "St Helier"]
[Date "1999.02.14"]
[Round "1"]
[White "Plaskett, Jim"]
[Black "Rendle, Thomas"]
[Result "1-0"]
[WhiteElo "2483"]
[BlackElo "2073"]

1.Nf3 d5 2.c4 e6 3.d4 Nf6 4.Nc3 Be7 5.Bf4 c6 6.e3 Nbd7 7.Qc2 Nf8 8.O-O-O Ng6
9.Bg3 Bd6 10.Kb1 Qe7 11.Bxd6 Qxd6 12.h4 Ne7 13.Bd3 dxc4 14.Bxc4 Ned5 15.e4 Nxc3+
16.bxc3 Qf4 17.e5 Nd5 18.h5 Qh6 19.Rh4 b5 20.Bb3 a5 21.Qc1 Qxc1+ 22.Rxc1 a4
23.Bxd5 cxd5 24.h6 g6 25.Kb2 Ke7 26.Rf4 Bd7 27.Ng5 Raf8 28.Rf6 Be8 29.Re1 Bd7
30.Re3 b4 31.cxb4 Rb8 32.Rxf7+ Ke8 33.a3  1-0

[Event "Portuguese Masters"]
[Site "Caldas de Felgueira"]
[Date "1999.02.20"]
[Round "1"]
[White "Reis, Luis Sousa"]
[Black "Frois, Antonio"]
[Result "1-0"]
[WhiteElo "2225"]
[BlackElo "2405"]

1.d4 d5 2.c4 e6 3.Nc3 Be7 4.Nf3 Nf6 5.Bf4 O-O 6.e3 c5 7.dxc5 Nc6 8.a3 Bxc5
9.Qc2 Qa5 10.O-O-O Be7 11.g4 dxc4 12.Bxc4 e5 13.g5 exf4 14.gxf6 Bxf6 15.Nd5 Bd8
16.Rhg1 fxe3 17.fxe3 g6 18.h4 Kh8 19.h5 Bf5 20.e4 Be6 21.Rd2 Bxd5 22.Rxd5 Qc7
23.Qc3+ Kg8 24.hxg6 Qf4+ 25.Qd2 Qxd2+ 26.Rxd2 Bb6 27.gxf7+ Kh8 28.Rg8+  1-0

[Event "Cappelle op"]
[Site "Cappelle la Grande"]
[Date "1999.02.20"]
[Round "8"]
[White "Avrukh, Boris"]
[Black "Kruppa, Yuri"]
[Result "1-0"]
[WhiteElo "2609"]
[BlackElo "2561"]

1.d4 d5 2.c4 e6 3.Nc3 Be7 4.Nf3 Nf6 5.Bf4 O-O 6.e3 c5 7.dxc5 Bxc5 8.a3 Nc6
9.Rc1 a6 10.cxd5 exd5 11.Bd3 Bg4 12.Be2 Ba7 13.O-O Re8 14.Rc2 Qa5 15.Rd2 Ne4
16.Rxd5 Nxc3 17.bxc3 Qxa3 18.Qb1 Ne7 19.Bd6 Qa4 20.Re5 Ng6 21.Rxe8+ Qxe8
22.Qxb7 Nh4 23.Bc4 Nxf3+ 24.gxf3 Be6 25.Bxe6 fxe6 26.Be5 Qf8 27.Kh1 Bc5 28.Bxg7 Qb8
29.Qe4 Kxg7 30.Rb1 Qxb1+ 31.Qxb1 Ra7 32.Qb8 Rf7 33.Qe5+  1-0

[Event "BEL-chT9899"]
[Site "Antwerp"]
[Date "1999.02.??"]
[Round "7"]
[White "Winants, Luc"]
[Black "Sadkowsky, Daniel"]
[Result "1-0"]
[WhiteElo "2480"]
[BlackElo "2280"]

1.d4 d5 2.c4 e6 3.Nc3 Be7 4.Nf3 Nf6 5.Bf4 O-O 6.e3 c5 7.dxc5 Bxc5 8.a3 Nc6
9.cxd5 exd5 10.Be2 Re8 11.O-O Be6 12.Rc1 Be7 13.Ne5 Nxe5 14.Bxe5 a6 15.Qd4 Nd7
16.Bg3 Bf6 17.Qd3 Nc5 18.Qb1 Nb3 19.Rcd1 Qa5 20.Bd3 h6 21.Bc2 Bxc3 22.bxc3 Nc5
23.Qb4 Qxb4 24.cxb4 Ne4 25.Bb3 Nc3 26.Rd2 d4 27.Bxe6 Rxe6 28.exd4 Rd8 29.f3 Rxd4
30.Rxd4 Ne2+ 31.Kf2 Nxd4 32.Rd1 Nc6 33.Rd7 b5 34.Bf4 h5 35.Rd5 g6 36.h4 Kf8
37.g4 hxg4 38.fxg4 Kg7 39.Bc1 Re4 40.Bb2+ Kh6 41.Kf3 Re7 42.Rd6 Rc7 43.Bf6 Kh7
44.Ke4 Rc8 45.Kd5 Nb8 46.Rd8 Rxd8+ 47.Bxd8 f5 48.gxf5 gxf5 49.Kd6 f4 50.Bb6 a5
51.bxa5 Na6 52.Kc6 b4 53.axb4 Nxb4+ 54.Kb7  1-0

[Event "Manhattan March Int"]
[Site "New York"]
[Date "1999.03.06"]
[Round "2"]
[White "Fedorowicz, John P"]
[Black "Shliperman, Igor"]
[Result "1-0"]
[WhiteElo "2574"]
[BlackElo "2442"]

1.d4 Nf6 2.Nf3 e6 3.c4 d5 4.Nc3 Be7 5.Bf4 O-O 6.e3 b6 7.cxd5 exd5 8.Bd3 Bb7
9.Ne5 c5 10.Rc1 Nbd7 11.O-O a6 12.Qf3 Re8 13.Rfd1 cxd4 14.exd4 Nf8 15.Ne2 Bd6
16.Bg5 Bxe5 17.dxe5 Rxe5 18.Bf4 Re7 19.Nd4 Rc8 20.Rxc8 Qxc8 21.Bg5 N8d7 22.Nf5 Re6
23.Qg3 g6 24.h3 Qe8 25.Nd6 Qb8 26.Nxb7 Qxb7 27.Bf5 Nh5 28.Qh4 Re5 29.Bxd7 Qxd7
30.Be3 Re4  1-0

[Event "Bundesliga 9899"]
[Site "Germany"]
[Date "1999.03.20"]
[Round "12.7"]
[White "Machelett, Heiko"]
[Black "Zude, Arno"]
[Result "1-0"]
[WhiteElo "2436"]
[BlackElo "2395"]

1.d4 Nf6 2.Nf3 e6 3.c4 d5 4.Nc3 Be7 5.Bf4 c5 6.dxc5 Na6 7.e3 Nxc5 8.Qc2 O-O
9.Be2 dxc4 10.Bxc4 a6 11.a4 b6 12.O-O Bb7 13.Rfd1 Qc8 14.Qe2 Qc6 15.Qf1 Rfc8
16.Ne5 Qe8 17.Qe2 Ncd7 18.Bd3 Nc5 19.Bc2 Nce4 20.Nxe4 Bxe4 21.Bxe4 Nxe4 22.Nd7 Bd8
23.Qd3 Nf6 24.e4 Ra7 25.Ne5 Bc7 26.Bg3 Raa8 27.Nc4 Rd8 28.Qb3 Bxg3 29.hxg3 Nxe4
30.Qxb6 Rdb8 31.Qd4 Nf6 32.Nb6 Rd8 33.Qe3 Rab8 34.a5 Nd5 35.Qc5 Qb5 36.Qxb5 axb5
37.Nxd5 exd5 38.Rd4  1-0

[Event "Amber Rapidplay"]
[Site "Monte Carlo"]
[Date "1999.03.23"]
[Round "7"]
[White "Gelfand, Boris"]
[Black "Topalov, Veselin"]
[Result "1-0"]
[WhiteElo "2691"]
[BlackElo "2700"]

1.Nf3 d5 2.d4 Nf6 3.c4 e6 4.Nc3 Be7 5.Bf4 O-O 6.e3 c5 7.dxc5 Bxc5 8.a3 Nc6
9.Rc1 a6 10.b4 Ba7 11.c5 h6 12.Be2 Bb8 13.O-O e5 14.Bg3 Be6 15.Bh4 g5 16.Nxg5 hxg5
17.Bxg5 Kg7 18.f4 exf4 19.exf4 d4 20.Ne4 Nxe4 21.Bxd8 Rxd8 22.Bd3 Nf6 23.Qe1 Rh8
24.Qg3+ Kf8 25.Rce1 Ne7 26.Qf2 Bc7 27.Qxd4 Rh6 28.Bc4 Rd8 29.Qc3 Ned5 30.Qc1 b5
31.Bxd5 Bxd5 32.Rd1 Re8 33.Rfe1 Rxe1+ 34.Rxe1 Bc6 35.g3 Ne4 36.Qd1 Re6 37.Qh5 Ke7
38.Qh8 Nxc5 39.Qh4+ Ke8 40.Rxe6+ Nxe6 41.f5 Nf8 42.Qf6 Bb7 43.Qh8 Ke7 44.f6+ Ke8
45.g4 Bf4 46.h4 Bc1 47.Qh5 Ne6 48.Qh8+ Nf8 49.g5 Bxa3 50.g6 fxg6 51.Qg7  1-0

[Event "Spring Festival 15th"]
[Site "Budapest"]
[Date "1999.03.24"]
[Round "8"]
[White "Laurain, Dominique"]
[Black "Struk, Jerzy"]
[Result "0-1"]
[WhiteElo "2092"]
[BlackElo "2200"]

1.d4 d5 2.c4 e6 3.Nc3 Be7 4.Nf3 Nf6 5.Bf4 O-O 6.e3 c5 7.Be2 a6 8.O-O cxd4
9.exd4 dxc4 10.Bxc4 b5 11.Bd3 Bb7 12.Qe2 b4 13.Ne4 Nxe4 14.Bxe4 Bxe4 15.Qxe4 Nd7
16.Rac1 Nf6 17.Qd3 Nd5 18.Bg3 Qa5 19.Qb3 Qb5 20.Qc2 a5 21.Ne5 a4 22.Nc6 Bg5
23.Qc5 Qb7 24.f4 Bf6 25.f5 Ne3 26.fxe6 Nxf1 27.Bd6 fxe6 28.Bxf8 Rxf8 29.Rxf1 Qa6
30.Ne5 Qxf1+ 31.Kxf1 Be7+ 32.Ke2 Bxc5 33.dxc5 Rc8 34.c6 Kf8 35.Kd3 Ke7 36.Kc4 Kd6
37.Nf7+ Kxc6 38.Kxb4 Kd5 39.Ng5 h6 40.Nf3 Rc2  0-1

[Event "Amber Rapidplay"]
[Site "Monte Carlo"]
[Date "1999.03.24"]
[Round "8"]
[White "Van Wely, Loek"]
[Black "Ivanchuk, Vassily"]
[Result "1/2-1/2"]
[WhiteElo "2632"]
[BlackElo "2714"]

1.d4 Nf6 2.c4 e6 3.Nf3 d5 4.Nc3 Be7 5.Bf4 O-O 6.e3 c5 7.dxc5 Bxc5 8.a3 Nc6
9.b4 Bd6 10.Bxd6 Qxd6 11.Be2 Rd8 12.O-O dxc4 13.Qxd6 Rxd6 14.Bxc4 Rd8 15.Rfd1 Bd7
16.Be2 Be8 17.Nb5 Nd5 18.Rac1 a5 19.bxa5 Rxa5 20.Rd2 Nce7 21.Rb2 Rc8 22.Rxc8 Nxc8
23.Rc2 Ndb6 24.Rd2 Kf8 25.Nd6 Nxd6 26.Rxd6 Nd5 27.Rd8 Rxa3 28.h4 Ke7 29.Rb8 Rb3
30.Nd4 Rb1+ 31.Kh2 g6 32.Bb5 Rxb5 33.Nxb5 Bxb5 34.Rxb7+ Bd7 35.e4 Nf6 36.f3 e5
37.Kg3 Ne8 38.Ra7 Nd6 39.Kf2 h5 40.g3 Ke6 41.Ra6 Bb5 42.Rb6 Kd7 43.Rb8 Kc6
44.Ke3 Kc5 45.Rh8 Bd7 46.Ra8 Be6 47.Ra5+ Kb4 48.Ra1 Nc4+ 49.Kd3 Na5 50.Rc1 Bc4+
51.Ke3 Nb3 52.Rg1 f5 53.f4 exf4+ 54.gxf4 fxe4 55.Kxe4 Nc5+ 56.Kd4 Bd3 57.Rg5 Bf5
58.Rxf5 gxf5 59.Ke5 Nd3+ 60.Kxf5 Kc5 61.Kg5 Kd6 62.Kxh5 Nxf4+ 63.Kg5 Ke5  1/2-1/2

[Event "Amber Rapidplay"]
[Site "Monte Carlo"]
[Date "1999.03.26"]
[Round "9"]
[White "Ivanchuk, Vassily"]
[Black "Topalov, Veselin"]
[Result "1/2-1/2"]
[WhiteElo "2714"]
[BlackElo "2700"]

1.d4 Nf6 2.Nf3 e6 3.c4 d5 4.Nc3 Be7 5.Bf4 O-O 6.e3 c5 7.dxc5 Bxc5 8.a3 Nc6
9.Qc2 Qa5 10.O-O-O Be7 11.Kb1 Rd8 12.Nd2 e5 13.Bg3 Be6 14.Be2 Rac8 15.Rhe1 g6
16.Nb3 Qb6 17.c5 Qc7 18.Ka1 b6 19.Nd4 bxc5 20.Nxc6 Qxc6 21.Bxe5 Nd7 22.Bg3 Nb6
23.Ba6 Ra8 24.Nb5 Bf5 25.Nd4  1/2-1/2

[Event "ISR-ch op"]
[Site "Tel Aviv"]
[Date "1999.03.30"]
[Round "3"]
[White "Postniy, Evgeny"]
[Black "Golod, Vitali"]
[Result "0-1"]
[WhiteElo "2360"]
[BlackElo "2554"]

1.d4 d5 2.c4 e6 3.Nf3 Nf6 4.Nc3 Be7 5.Bf4 O-O 6.e3 Nbd7 7.h3 c5 8.dxc5 Nxc5
9.cxd5 Nxd5 10.Nxd5 exd5 11.Be5 Ne4 12.Bd3 Qa5+ 13.Ke2 Bd7 14.Bd4 Ba4 15.Qb1 Rac8
16.Rc1 Bb5 17.Rd1 Rc6 18.Ne5 Rc7 19.a4 Bxd3+ 20.Nxd3 Rfc8 21.b4 Rc2+ 22.Ke1 Qa6
23.Bc5 Re2+ 24.Kxe2 Nc3+ 25.Ke1 Nxb1 26.Raxb1 Bf6 27.Rbc1 b6 28.Bd6 Re8 29.Kf1 d4
30.e4 Qxa4 31.e5 Be7 32.Bxe7 Rxe7 33.Rc8+ Re8 34.Rdc1 g5 35.R8c7 Qb5 36.R1c4 Re7
37.Rc8+ Kg7 38.Kg1 Qd5 39.f3 b5 40.Rc2 Qb3 41.Rd2 a5 42.bxa5 Ra7 43.Kh2 Rxa5
44.Rc7 Ra2 45.Rxa2 Qxa2 46.Nc5 Qd5 47.f4 Kg6 48.e6 fxe6 49.Nd3 Kf6 50.Rc5 Qe4
51.fxg5+ Ke7 52.Nf2 Qe2 53.Ng4 d3  0-1

[Event "Swidnica"]
[Site "Swidnica"]
[Date "1999.03.31"]
[Round "8"]
[White "Rustemov, Alexander"]
[Black "Murdzia, Piotr"]
[Result "1-0"]
[WhiteElo "2539"]
[BlackElo "2441"]

1.d4 d5 2.c4 e6 3.Nf3 Nf6 4.Nc3 Be7 5.Bf4 O-O 6.e3 c5 7.dxc5 Bxc5 8.a3 Nc6
9.Rc1 a6 10.b4 Be7 11.c5 Nh5 12.Bd3 Nxf4 13.exf4 f5 14.O-O h6 15.Re1 g5 16.Ne2 Bf6
17.Bc2 Qc7 18.Qd2 Qg7 19.Qd3 Bd7 20.h3 Rae8 21.Ng3 Qg6 22.Ne5 Nxe5 23.fxe5 Be7
24.Qd1 Qg7 25.Nxf5 exf5 26.Qxd5+ Kh8 27.Qxd7 Bf6 28.e6 Re7 29.Qd5 Bb2 30.Rb1 f4
31.Re4 f3 32.g3 Qf6 33.Re3 Bd4 34.Rd3 Be5 35.Rbb3 Qxe6 36.Qxe6 Rxe6 37.Rxf3 Rxf3
38.Rxf3 Kg7 39.Kg2 Re7 40.Bb3 Bb2 41.Bc4 Rd7 42.Rb3 Rd2 43.Bd5 Bd4 44.Kf3 b6
45.c6 Rxf2+ 46.Ke4 Bf6 47.Ke3 Rf1 48.Ke2  1-0

[Event "BEL-chT9899"]
[Site "Antwerp"]
[Date "1999.03.??"]
[Round "10"]
[White "Cifuentes Parada, Roberto"]
[Black "Dutreeuw, Marc"]
[Result "1/2-1/2"]
[WhiteElo "2529"]
[BlackElo "2394"]

1.d4 d5 2.c4 e6 3.Nf3 Nf6 4.Nc3 Be7 5.Bf4 c5 6.dxc5 Bxc5 7.e3 Nc6 8.a3 Be7
9.h3 a6 10.Rc1 O-O 11.cxd5 exd5 12.Bd3 g6 13.Ne5 d4 14.Nxc6 bxc6 15.exd4 Qxd4
16.Qf3 Rd8 17.Rd1 Qb6 18.Bg5 Kg7 19.Rd2 Qa5 20.Bh4 g5 21.Bg3 Bxa3 22.O-O Bxb2
23.Nb1 Bd4 24.Qxc6 Ra7 25.Rc1 Bb7 26.Qc4 Qd5 27.Qxd5 Bxd5 28.Bxa6 Ba8 29.Bd3 Rad7
30.Rcd1 Bb7  1/2-1/2

[Event "Doeberl Cup op"]
[Site "Canberra"]
[Date "1999.04.03"]
[Round "2"]
[White "Johansen, Darryl K"]
[Black "Smerdon, David"]
[Result "1/2-1/2"]
[WhiteElo "2490"]
[BlackElo "2173"]

1.c4 e6 2.Nf3 d5 3.d4 Nf6 4.Nc3 Be7 5.Bf4 dxc4 6.e4 c5 7.d5 exd5 8.exd5 Bd6
9.Qe2+ Kf8 10.Qxc4 a6 11.Ng5 Bf5 12.Bg3 b5 13.Qh4 Qe7+ 14.Be2 Bxg3 15.Qxg3 b4
16.d6 Qe8 17.Nd1 Nc6 18.Ne3 Nd4 19.Rd1 h6 20.Rxd4 cxd4 21.Nxf5 hxg5 22.Qxg5  1/2-1/2

[Event "Czerniak mem 15th"]
[Site "Tel Aviv"]
[Date "1999.04.04"]
[Round "5"]
[White "Alterman, Boris"]
[Black "Lutz, Christopher"]
[Result "1/2-1/2"]
[WhiteElo "2615"]
[BlackElo "2610"]

1.d4 d5 2.c4 e6 3.Nc3 Be7 4.Nf3 Nf6 5.Bf4 O-O 6.e3 c5 7.dxc5 Bxc5 8.a3 Nc6
9.Qc2 Qa5 10.Rd1 Be7 11.Nd2 e5 12.Bg5 d4 13.Nb3 Qd8 14.Be2 a5 15.Na4 g6 16.Bxf6 Bxf6
17.c5 Bf5 18.e4 Be6 19.O-O Qe8 20.Nc1 Bd8 21.Bc4 Bg4 22.Rde1 Bc7 23.Nd3 Kg7
24.Bd5 Rb8 25.Nb6 Qe7 26.Qa4 Bxb6 27.cxb6 Bd7 28.Bxc6 Bxc6 29.Qxa5 Ra8 30.Qd2 Bb5
31.f4 Bxd3 32.Qxd3 Rac8 33.Rc1 Rxc1 34.Rxc1 Qf6 35.fxe5 Qxb6 36.b4 Rd8 37.h3 Qe6
38.Rc5 b6 39.Rb5 Qc6 40.a4 Rd7 41.a5 bxa5 42.bxa5 Qa6 43.Kh2 Rb7 44.Rb3 Qxd3
45.Rxd3 Ra7  1/2-1/2

[Event "ISR-chT"]
[Site "Israel"]
[Date "1999.04.09"]
[Round "7"]
[White "Golod, Vitali"]
[Black "Boim, Inon"]
[Result "1/2-1/2"]
[WhiteElo "2554"]
[BlackElo "2419"]

1.d4 d5 2.c4 e6 3.Nf3 Nf6 4.Nc3 Be7 5.Bf4 O-O 6.e3 c6 7.h3 Nbd7 8.Qc2 Re8
9.Rd1 Nf8 10.a3 Ng6 11.Bh2 Bd6 12.Bxd6 Qxd6 13.Be2 Qe7 14.O-O b6 15.b4 a5
16.b5 cxb5 17.cxd5 exd5 18.Nxb5 Bd7 19.Rfe1 Rec8 20.Qb2 Ne4 21.Rc1 Be6 22.Rxc8+ Rxc8
23.Rc1 Nd6 24.Rxc8+ Nxc8 25.Qc3 Qd8 26.Qc6 Nge7 27.Qa8 f6 28.Bd3 Bd7 29.a4 Nc6  1/2-1/2

[Event "ISR-chT"]
[Site "Israel"]
[Date "1999.04.09"]
[Round "7"]
[White "Huzman, Alexander"]
[Black "Ravia, Mosi"]
[Result "0-1"]
[WhiteElo "2575"]
[BlackElo "2373"]

1.d4 e6 2.c4 Nf6 3.Nf3 d5 4.Nc3 Be7 5.Bf4 O-O 6.e3 b6 7.cxd5 exd5 8.Ne5 Be6
9.Bd3 c5 10.Qf3 Qc8 11.O-O Nbd7 12.Rac1 c4 13.Bb1 a6 14.e4 dxe4 15.Nxe4 b5
16.Ng5 Bd5 17.Qh3 g6 18.Qh4 Nxe5 19.dxe5 Qg4 20.Qxg4 Nxg4 21.Rcd1 Rad8 22.h3 Nxe5
23.Nxh7 Nf3+ 24.gxf3 Kxh7 25.Bc7 Rd7 26.Be5 Rfd8 27.Be4 Be6 28.Rxd7 Rxd7
29.Kg2 f6 30.Bf4 Kg7 31.Re1 Bb4 32.Re2 Bf7 33.a3 Bc5 34.Be3 Bxe3 35.fxe3 f5
36.Bc2 a5 37.e4 f4 38.e5 Be6 39.h4 b4 40.axb4 axb4 41.Kf2 c3 42.bxc3 bxc3
43.Ke1 Ra7 44.Rg2 Ra1+ 45.Kf2 Bf5  0-1

[Event "ISR-chT"]
[Site "Israel"]
[Date "1999.04.09"]
[Round "7"]
[White "Zoler, Dan"]
[Black "Bruk, Ofer"]
[Result "1/2-1/2"]
[WhiteElo "2524"]
[BlackElo "2395"]

1.d4 Nf6 2.c4 e6 3.Nf3 d5 4.Nc3 Be7 5.Bf4 O-O 6.e3 c5 7.dxc5 dxc4 8.Bxc4 Qxd1+
9.Rxd1 Bxc5 10.Nb5 Nc6 11.Nc7 Rb8 12.Nb5 Ra8 13.Ke2 a6 14.Nd6 Rd8 15.Nxc8 Raxc8
16.Rxd8+ Rxd8 17.Rc1 Nd7 18.Ng5 Be7 19.Ne4 Rc8 20.Rd1 Nb6 21.Bb3 Na5 22.Nd6 Rc6
23.Ne4  1/2-1/2

[Event "Oceanic zt"]
[Site "Gold Coast"]
[Date "1999.04.16"]
[Round "4"]
[White "Wallace, John Paul"]
[Black "Dive, Russell John"]
[Result "1/2-1/2"]
[WhiteElo "2360"]
[BlackElo "2440"]

1.Nf3 Nf6 2.c4 e6 3.Nc3 d5 4.d4 Be7 5.Bf4 c6 6.e3 Nbd7 7.cxd5 exd5 8.Bd3 Nh5
9.Bg3 g6 10.Qc2 O-O 11.O-O Nxg3 12.hxg3 Bd6 13.a3 a5 14.Rab1 Qe7 15.e4 dxe4
16.Nxe4 Nf6 17.Neg5 Nd5 18.Rfe1 Qd8 19.Qd2 Be7 20.Ne4 Kg7 21.Nc5 a4 22.Bc4 Nb6
23.Ba2 Bxc5 24.dxc5 Qxd2 25.Nxd2 Nd7 26.Ne4 Ra5 27.Rbc1 Rb5 28.Re2 Re8 29.Bc4 Ra5
30.Nd6 Rxe2 31.Bxe2 Ra8 32.Bg4 f5 33.Bf3 Nf6 34.Re1 Ne4 35.Bxe4 fxe4 36.Rxe4 Bf5
37.Re7+ Kf6 38.Rxb7 Ra5 39.g4 Bxg4 40.Rc7 Ke6 41.Ne4 Bf5 42.Nc3 Rxc5 43.Nxa4 Rc1+
44.Kh2 h5 45.b4 Kd6 46.Ra7 Rc2 47.Kg1 Rc1+ 48.Kh2 Rc2 49.Kg1  1/2-1/2

[Event "Dubai op"]
[Site "Dubai"]
[Date "1999.05.04"]
[Round "4"]
[White "Saleh, Nagueb"]
[Black "El Amary, Kamal"]
[Result "1-0"]
[WhiteElo "2243"]
[BlackElo "2110"]

1.Nf3 Nf6 2.c4 e6 3.Nc3 Be7 4.d4 d5 5.Bf4 O-O 6.e3 c6 7.h3 Nbd7 8.c5 b6 9.b4 a5
10.a3 Re8 11.Bd3 Nf8 12.O-O Ng6 13.Qc2 Nxf4 14.exf4 b5 15.Ne5 Qc7 16.Rfb1 Bd7
17.a4 Reb8 18.axb5 cxb5 19.Rxa5 Rxa5 20.bxa5 b4 21.Na4 Qxa5 22.Nb6 Be8 23.Qb2 Rxb6
24.Ra1  1-0

[Event "Lausanne YM Pool B"]
[Site "Lausanne"]
[Date "1999.05.13"]
[Round "3"]
[White "Pelletier, Yannick"]
[Black "Asrian, Karen"]
[Result "0-1"]
[WhiteElo "2483"]
[BlackElo "2576"]

1.d4 d5 2.c4 e6 3.Nc3 Nf6 4.Nf3 Be7 5.Bf4 O-O 6.e3 c5 7.dxc5 Bxc5 8.a3 Nc6
9.cxd5 Nxd5 10.Nxd5 exd5 11.Rc1 Bb6 12.Bd3 d4 13.e4 Bg4 14.h3 Bh5 15.g4 Bg6
16.O-O Rc8 17.Bg3 f6 18.Nh4 Bf7 19.Nf5 Bc7 20.f4 Be6 21.h4 g6 22.Nh6+ Kg7
23.e5 fxe5 24.f5 e4 25.Bxc7 Qxc7 26.Bxe4 Qg3+ 27.Kh1 Qh3+  0-1

[Event "NED-chT Playoff"]
[Site "Breda"]
[Date "1999.05.14"]
[Round "2"]
[White "Van der Sterren, Paul"]
[Black "Vaganian, Rafael A"]
[Result "1/2-1/2"]
[WhiteElo "2535"]
[BlackElo "2605"]

1.d4 d5 2.c4 e6 3.Nc3 Be7 4.Nf3 Nf6 5.Bf4 O-O 6.e3 c5 7.dxc5 Bxc5 8.a3 Nc6
9.b4 Be7 10.cxd5 exd5 11.Be2 Be6 12.O-O Nh5 13.Bg3 Nxg3 14.hxg3 Bf6 15.Rc1 Rc8
16.Qd2 a5 17.b5 Ne5 18.Rfd1 Nc4 19.Bxc4 Rxc4 20.Ne2 Ra4 21.Qc2 Rxa3 22.e4 Qb6
23.e5 Be7 24.Nf4 Qxb5 25.Qc7 Bd8 26.Qd6 Qb4 27.Rc5 Qb6 28.Qxb6 Bxb6 29.Rb5 Bd8
30.Rxb7 Bc8 31.Rb5 a4 32.Rdxd5 g5 33.Nh5 Be6 34.Rd4 Rb3 35.Rxb3 axb3 36.Rb4 Ba5
37.Rb7 Bc3 38.Nxg5 Bc4 39.Nf6+ Kh8 40.Nfe4 Bd5 41.Rb5 Bc4 42.Rb7 Bd5 43.Rb5 Bc4
44.Rb7  1/2-1/2

[Event "NOR-chT"]
[Site "Langesund"]
[Date "1999.05.14"]
[Round "5"]
[White "Moen, Andreas"]
[Black "Lauvsnes, Arild"]
[Result "1/2-1/2"]
[WhiteElo "2201"]
[BlackElo "2270"]

1.d4 d5 2.Nf3 Nf6 3.c4 e6 4.Bf4 Be7 5.Nc3 O-O 6.e3 c5 7.Be2 Nc6 8.O-O cxd4
9.Nxd4 Bd7 10.cxd5 Nxd5 11.Nxd5 exd5 12.Bf3 Bf6 13.Bxd5 Nxd4 14.exd4 Qb6
15.Be5 Bxe5 16.dxe5 Qxb2 17.Re1 Rad8 18.Rb1 Qa3 19.Re3 Qa5 20.Bxb7 Bf5 21.Qe1 Qxa2
22.Ra1 Qb2 23.Bf3 Rd7 24.g4 Be6 25.Rb1 Qa2 26.Qc1 Rc7 27.Qxc7 Qxb1+ 28.Kg2 a6
29.Qe7 Bc4 30.Be2 Bd5+ 31.Bf3 Bc4 32.Be2 Bxe2 33.Rxe2 Qb5 34.Re3 Re8 35.Qd6 h6
36.e6 Qb7+ 37.Kg3 fxe6 38.Rxe6 Rf8 39.Qc6 Qf7 40.Re2 Qf4+ 41.Kh3  1/2-1/2

[Event "Guillermo Garcia mem-B"]
[Site "Santa Clara"]
[Date "1999.05.27"]
[Round "4"]
[White "Alzate, Dario"]
[Black "Perdomo, Carlos Andres"]
[Result "1/2-1/2"]
[WhiteElo "2417"]
[BlackElo "2410"]

1.d4 Nf6 2.c4 e6 3.Nc3 d5 4.Nf3 Be7 5.Bf4 O-O 6.e3 c5 7.dxc5 Bxc5 8.a3 Nc6
9.b4 Be7 10.cxd5 Nxd5 11.Nxd5 exd5 12.Bd3 Bf6  1/2-1/2

[Event "Pula op 13th"]
[Site "Pula"]
[Date "1999.05.30"]
[Round "2"]
[White "Dizdar, Goran"]
[Black "Medic, Mirjana"]
[Result "1-0"]
[WhiteElo "2563"]
[BlackElo "2327"]

1.d4 d5 2.c4 e6 3.Nf3 Nf6 4.Nc3 Be7 5.Bf4 O-O 6.e3 c5 7.dxc5 Bxc5 8.Qc2 dxc4
9.Bxc4 a6 10.O-O Nbd7 11.Bd3 h6 12.Rfd1 Qe7 13.Rac1 e5 14.Bg3 b6 15.Ne4 Nxe4
16.Bxe4 Ra7 17.Bh7+ Kh8 18.Bf5 Re8 19.h3 a5 20.a3 a4 21.Bxd7 Bxd7 22.Nxe5 Bb5
23.Qf5 Kg8 24.Rd5 f6 25.Ng6 Qe4 26.Qxe4 Rxe4 27.Bd6 Bxd6 28.Rxd6 Be8 29.Nf4 b5
30.Nd5 Bf7 31.Rc8+ Kh7 32.Nc3 Re5 33.Rdc6 Bg6 34.Rc5 Bd3 35.Rxe5 fxe5 36.Rc5 e4
37.Nxb5 Rb7 38.Nc3 Rxb2 39.Nxa4 Ra2 40.Re5 Rxa3 41.Nc5 Ra5 42.Nxd3 Ra1+  1-0

[Event "NLD-ch"]
[Site "Rotterdam "]
[Date "1999.06.06"]
[Round "8"]
[White "Van Wely, Loek"]
[Black "Van der Sterren, Paul"]
[Result "1/2-1/2"]
[WhiteElo "2632"]
[BlackElo "2535"]

1.d4 Nf6 2.c4 e6 3.Nf3 d5 4.Nc3 Be7 5.Bf4 c5 6.dxc5 Na6 7.cxd5 exd5 8.g3 Nxc5
9.Bg2 O-O 10.O-O Bg4 11.h3 Bxf3 12.Bxf3 d4 13.Nb5 Ne6 14.Be5 Qa5 15.Bd6 Bxd6
16.Nxd6 Qb4 17.Nxb7 Rab8 18.Qb3 Qe7 19.h4 Rfc8 20.Rac1 Rc7 21.Rxc7 Qxc7 22.Rd1 h5
23.Qb5 Qc2 24.Qb3 Qc7 25.Qb5 Nd8 26.Rxd4 Nxb7 27.Rb4 a5 28.Rb3 a4 29.Rb4 Ne8
30.Bxb7 Nd6 31.Qe5 Rxb7 32.Rxb7 Qxb7 33.Qxd6 Qxb2 34.Qd8+ Kh7 35.Qd5 Qxe2
36.Qxf7 a3 37.Kg2 Qe5 38.Qc4 Qd6 39.Kf3 Qd1+ 40.Qe2 Qh1+ 41.Ke3 Qc1+ 42.Kd3 Qc5
43.Qc2 Qb4 44.Qc4 Qb2 45.Ke3 Kg6 46.Qe6+ Kh7 47.Qd5 Qc1+ 48.Ke2 Qb2+ 49.Kf3 g6
50.Qf7+ Kh6 51.Ke4 Qb4+ 52.Kd5 Qb5+ 53.Kd4 Qb4+ 54.Qc4 Qd2+ 55.Ke5 Qb2+ 56.Ke6 Qb6+
57.Kd7 Qb7+ 58.Kd6 Qb6+ 59.Kd5 Qb2 60.Ke6 Qb6+ 61.Kd7 Qb7+ 62.Kd8 Qb8+ 63.Qc8 Qb2
64.Qc4 Qb8+ 65.Ke7 Qb7+ 66.Kd6 Qb6+ 67.Kd5 Qb2 68.f4 Qg2+ 69.Ke6 Qxg3 70.Qd4 Qg4+
71.Kf7 Qf5+ 72.Qf6 Qd7+ 73.Kg8 Qd5+ 74.Qf7 Qe6 75.Qxe6  1/2-1/2

[Event "Vidmar mem 13th"]
[Site "Portoroz"]
[Date "1999.06.13"]
[Round "1"]
[White "Stohl, Igor"]
[Black "Zvjaginsev, Vadim"]
[Result "0-1"]
[WhiteElo "2573"]
[BlackElo "2658"]

1.d4 Nf6 2.c4 e6 3.Nf3 d5 4.Nc3 Be7 5.Bf4 O-O 6.e3 Nbd7 7.Qc2 c5 8.dxc5 Nxc5
9.Be2 a6 10.cxd5 exd5 11.O-O Be6 12.Rad1 Rc8 13.Qb1 b5 14.a3 Qb6 15.Bg5 Ncd7
16.Nd4 b4 17.axb4 Bxb4 18.Bxf6 Nxf6 19.Qd3 a5 20.Qb5 Qd6 21.Na2 Rb8 22.Qc6 Bd7
23.Qxd6 Bxd6 24.b3 Bc5 25.Nc1 Ne4 26.Bf3 Nc3 27.Rd3 Bxd4 28.Rxd4 Be6 29.Rd3 Rfc8
30.Ne2 Rxb3 31.Nxc3 Rbxc3 32.Rd4 R3c4 33.Rd2 R8c5 34.h3 Kf8 35.Ra1 Rc1+ 36.Rxc1 Rxc1+
37.Kh2 Rc5 38.Bd1 Ke7 39.Bc2 g6 40.Kg3 Kd6 41.Kf3 Rc4 42.Bb3 Rb4 43.Ba2 a4
44.Ke2 h5 45.Kd3 d4 46.exd4 Bxa2 47.Rxa2 Kd5 48.Re2 Rxd4+ 49.Kc3 a3 50.Ra2 Ra4
51.Kb3 Ra5 52.Rd2+ Ke4 53.Ka2 Rg5 54.f3+ Ke3 55.Rc2 Ra5  0-1

[Event "Petrosian mem"]
[Site "Moscow"]
[Date "1999.06.23"]
[Round "6"]
[White "Larsen, Bent"]
[Black "Smyslov, Vassily"]
[Result "1/2-1/2"]
[WhiteElo "2532"]
[BlackElo "2485"]

1.c4 e6 2.Nf3 d5 3.d4 Nf6 4.Nc3 Be7 5.Bf4 O-O 6.e3 b6 7.Be2 dxc4 8.Bxc4 Bb7
9.O-O c5 10.dxc5 Qxd1 11.Rfxd1 Bxc5 12.Ne5 Nc6 13.Nxc6 Bxc6 14.Bd6 Bxd6 15.Rxd6  1/2-1/2

[Event "Ljubljana op 10th"]
[Site "Ljubljana"]
[Date "1999.06.30"]
[Round "6"]
[White "Farago, Ivan"]
[Black "Sibarevic, Milenko"]
[Result "1/2-1/2"]
[WhiteElo "2533"]
[BlackElo "2363"]

1.d4 Nf6 2.c4 e6 3.Nf3 d5 4.Nc3 Be7 5.Bf4 O-O 6.e3 c5 7.dxc5 Bxc5 8.Qc2 Nc6
9.a3 Qa5 10.O-O-O Ne4 11.Nb1 f5 12.Bd3 Bd7 13.Bxe4 fxe4 14.Nfd2 Rxf4 15.Nb3 Rxf2
16.Qxf2 Qb6 17.Nxc5 Qxc5 18.Nc3 Rf8 19.Qe2 Ne5 20.cxd5 Nd3+ 21.Rxd3 Bb5 22.Qg4 Bxd3
23.Qxe6+ Kh8 24.Re1 h6 25.d6 Rd8 26.Qd5 Qxd5 27.Nxd5 Rxd6 28.Nb4 a5 29.Nxd3 Rxd3
30.Rd1 Rxe3 31.Rd8+ Kh7 32.Kd2 Rb3 33.Kc2 a4 34.Re8 e3 35.Re4 b5 36.Rb4 Rxb4
37.axb4 Kg6 38.Kd3 Kf5 39.Kxe3 Ke5 40.h3 g5 41.g3  1/2-1/2

[Event "EUCup99 (Women)"]
[Site "Nova Gorica"]
[Date "1999.07.01"]
[Round "4"]
[White "Khurtsidze, Nino"]
[Black "Batyte, Daiva"]
[Result "1-0"]
[WhiteElo "2417"]
[BlackElo "2124"]

1.d4 e6 2.c4 Nf6 3.Nf3 d5 4.Nc3 Be7 5.Bf4 O-O 6.e3 b6 7.Qc2 Na6 8.a3 Bb7
9.Rd1 c6 10.h3 Nc7 11.Bd3 dxc4 12.Bxc4 Ncd5 13.Bh2 Nxc3 14.Qxc3 b5 15.Bd3 b4
16.axb4 Qb6 17.O-O Bxb4 18.Qc2 c5 19.Be5 cxd4 20.Bxf6 gxf6 21.Nxd4 f5 22.Be2 Rac8
23.Qa4 Rfd8 24.Bf3 Bc5 25.Bxb7 Qxb7 26.Nf3 Qxb2 27.Qh4 Bb6 28.Nd4 Bxd4 29.exd4 Rd5
30.Rd3 f4 31.Qxf4 h5 32.Qh6 h4 33.Qxh4 Rc4 34.Qh6 f6 35.Qg6+ Kh8 36.Qxf6+ Kh7
37.Qf7+ Kh8 38.Rg3  1-0

[Event "Swidnica op"]
[Site "Swidnica"]
[Date "1999.07.02"]
[Round "5"]
[White "Dziuba, Marcin"]
[Black "Rustemov, Alexander"]
[Result "0-1"]
[WhiteElo "2310"]
[BlackElo "2539"]

1.d4 d5 2.c4 e6 3.Nc3 Be7 4.Nf3 Nf6 5.Bf4 O-O 6.e3 c5 7.dxc5 Bxc5 8.cxd5 Nxd5
9.Nxd5 exd5 10.Bd3 Bb4+ 11.Ke2 Nc6 12.a3 Bd6 13.Bxd6 Qxd6 14.Qc2 Re8 15.Rhd1 Bg4
16.Bxh7+ Kf8 17.Bf5 Bxf3+ 18.gxf3 Rad8 19.b4 Qf6 20.Qc5+ Kg8 21.Bg4 b6 22.Qc2 Qxa1
23.Rxa1 Nd4+ 24.Kd2 Nxc2 25.Kxc2 d4 26.e4 Re7 27.Kd2 Rc7 28.f4 Rc3 29.e5 g6
30.h4 Kg7 31.h5 gxh5 32.Bxh5 Rh8 33.Rg1+ Kf8 34.Rg5 Rh3 35.Be2 Rh2 36.Ke1 Rh1+
37.Kd2 R8h2 38.Rf5 Rxf2 39.e6 Rhh2 40.Rxf7+ Ke8 41.f5 Rxe2+ 42.Kd3 Re5 43.Kxd4 Rhe2  0-1

[Event "SCO-ch"]
[Site "Edinburgh"]
[Date "1999.07.18"]
[Round "3"]
[White "Henderson, John B"]
[Black "Minnican, Alan"]
[Result "1/2-1/2"]
[WhiteElo "2170"]
[BlackElo "2145"]

1.d4 d5 2.Nf3 Nf6 3.c4 e6 4.Nc3 Be7 5.Bf4 O-O 6.e3 a6 7.Be2 dxc4 8.Bxc4 b5
9.Bd3 Bb7 10.O-O Nbd7 11.Rc1 c5 12.h3 Rc8 13.Re1  1/2-1/2

[Event "S&W Young Masters 9th"]
[Site "Witley"]
[Date "1999.07.18"]
[Round "3"]
[White "Bisby, Daniel L"]
[Black "Trifunovic, Aleksandar"]
[Result "1/2-1/2"]
[WhiteElo "2252"]
[BlackElo "2262"]

1.d4 Nf6 2.Nf3 d5 3.c4 e6 4.Nc3 Be7 5.Bf4 O-O 6.e3 c5 7.dxc5 Bxc5 8.Qc2 Nc6
9.a3 Qa5 10.O-O-O dxc4 11.Bxc4 a6 12.Ng5 Be7 13.h4 Ne5 14.Nd5 exd5 15.Bxe5 dxc4
16.Bxf6 Bf5 17.Qc3  1/2-1/2